[Event "Mittelrhein Verbandsliga-S 18/19"]
[Site "Nordrheinwestfalen"]
[Date "2019.04.07"]
[Round "9.3"]
[White "Brilliantov, Ernst"]
[Black "Kroener, Alexander"]
[Result "0-1"]
[WhiteElo "1744"]
[BlackElo "1934"]
[PlyCount "82"]
[EventDate "2018.09.02"]
[EventType "team-tourn"]
[EventRounds "11"]
[EventCountry "GER"]
[SourceTitle "EXT 2022"]
[Source "ChessBase"]
[SourceDate "2021.10.06"]
[SourceVersion "1"]
[SourceVersionDate "2021.10.06"]
[SourceQuality "1"]
[WhiteTeam "Koeln Lasker III"]
[BlackTeam "Niederkassel II"]
[WhiteTeamCountry "GER"]
[BlackTeamCountry "GER"]

1. e4 d5 2. exd5 Nf6 3. Nc3 Nxd5 4. Nxd5 Qxd5 5. Ne2 Bg4 6. Nc3 Qe5+ 7. Be2 Nc6 8. 0-0 Bxe2 9. Qxe2 Qxe2 10. Nxe2 Nb4 11. c3 Nd3 12. b4 a5 13. b5 e6 14. a4 Be7 15. Ba3 Bf6 16. Nc1 0-0-0 17. Nb3 b6 18. Ra2 g5 19. Rc2 Kb7 20. c4 Nf4 21. Nc1 g4 22. Re1 Rhg8 23. Kf1 Bd4 24. Re4 e5 25. g3 f5 26. Re1 Nh3 27. d3 Ng5 28. Be7 Rd7 29. Bxg5 Rxg5 30. Nb3 f4 31. gxf4 exf4 32. Re8 f3 33. Nxd4 Rxd4 34. Rc3 Rh5 35. Kg1 Rd6 36. Re4 Rdh6 37. Kf1 Rxh2 38. Rxg4 Re6 39. Kg1 Rh5 40. Rc1 Re2 41. Rg8 Rd2 0-1

[Event "Mittelrhein Verbandsliga-S 18/19"]
[Site "Nordrheinwestfalen"]
[Date "2019.03.10"]
[Round "8.2"]
[White "Brilliantov, Ernst"]
[Black "Evers, Leo"]
[Result "0-1"]
[WhiteElo "1744"]
[BlackElo "1997"]
[PlyCount "38"]
[EventDate "2018.09.02"]
[EventType "team-tourn"]
[EventRounds "11"]
[EventCountry "GER"]
[SourceTitle "EXT 2022"]
[Source "ChessBase"]
[SourceDate "2021.10.06"]
[SourceVersion "1"]
[SourceVersionDate "2021.10.06"]
[SourceQuality "1"]
[WhiteTeam "Koeln Lasker III"]
[BlackTeam "Porz SG IV"]
[WhiteTeamCountry "GER"]
[BlackTeamCountry "GER"]

1. e4 c5 2. c3 d5 3. exd5 Qxd5 4. Qf3 Nf6 5. Qxd5 Nxd5 6. Nf3 Nc6 7. Be2 Nf4 8. Bf1 Bf5 9. d4 Nd3+ 10. Bxd3 Bxd3 11. dxc5 e5 12. Be3 f5 13. Ng5 f4 14. Bd2 Be7 15. Nh3 Bxc5 16. f3 Rd8 17. Nf2 Bxf2+ 18. Kxf2 Bxb1 19. Bxf4 exf4 0-1

[Event "Mittelrhein Verbandsliga-S 18/19"]
[Site "Nordrheinwestfalen"]
[Date "2019.02.10"]
[Round "7.2"]
[White "Schwarz, Andreas"]
[Black "Brilliantov, Ernst"]
[Result "1-0"]
[WhiteElo "2118"]
[BlackElo "1744"]
[PlyCount "39"]
[EventDate "2018.09.02"]
[EventType "team-tourn"]
[EventRounds "11"]
[EventCountry "GER"]
[SourceTitle "EXT 2022"]
[Source "ChessBase"]
[SourceDate "2021.10.06"]
[SourceVersion "1"]
[SourceVersionDate "2021.10.06"]
[SourceQuality "1"]
[WhiteTeam "Troisdorf"]
[BlackTeam "Koeln Lasker III"]
[WhiteTeamCountry "GER"]
[BlackTeamCountry "GER"]

1. e4 e5 2. f4 exf4 3. Nf3 d5 4. exd5 Qxd5 5. Nc3 Qa5 6. d4 Bd6 7. Bd3 c6 8. 0-0 Ne7 9. Ne4 Qc7 10. Nfg5 h5 11. Nxf7 Kxf7 12. Nxd6+ Qxd6 13. Bxf4 Qxd4+ 14. Be3+ Qf6 15. Rxf6+ gxf6 16. Bc4+ Be6 17. Bxe6+ Kxe6 18. Qe2 Kf7 19. Bd4 Nd7 20. Re1 1-0

[Event "Mittelrhein Verbandsliga-S 18/19"]
[Site "Nordrheinwestfalen"]
[Date "2019.01.20"]
[Round "6.2"]
[White "Brilliantov, Ernst"]
[Black "Fischer, Oliver"]
[Result "1/2-1/2"]
[WhiteElo "1744"]
[BlackElo "1953"]
[PlyCount "35"]
[EventDate "2018.09.02"]
[EventType "team-tourn"]
[EventRounds "11"]
[EventCountry "GER"]
[SourceTitle "EXT 2022"]
[Source "ChessBase"]
[SourceDate "2021.10.06"]
[SourceVersion "1"]
[SourceVersionDate "2021.10.06"]
[SourceQuality "1"]
[WhiteTeam "Koeln Lasker III"]
[BlackTeam "Bruehl II"]
[WhiteTeamCountry "GER"]
[BlackTeamCountry "GER"]

1. e4 e5 2. Nf3 Nf6 3. Nxe5 d6 4. Nf3 Nxe4 5. d3 Nf6 6. d4 Be7 7. Bd3 Bg4 8. c3 c6 9. Nbd2 Nbd7 10. 0-0 0-0 11. Qc2 Bh5 12. Ng5 Bg6 13. Bxg6 hxg6 14. Ndf3 Nb6 15. Bd2 Qd7 16. Rae1 Rfe8 17. Re2 Bf8 18. Rfe1 1/2-1/2